Teoretické a metodologické otázky medzinárodných vzťahov

Na minha lista:
Detalhes bibliográficos
Autor principal: Novotný, Adolf
Formato: Livro
Idioma:eslovaco
Publicado em: Bratislava Pravda 1983
Tags: Adicionar Tag
Sem tags, seja o primeiro a adicionar uma tag!

MARC

LEADER 00000nam a2200000 4500
001 c132881
005 20190507111702.3
041 0 |a slo 
044 |a SK 
245 1 0 |a Teoretické a metodologické otázky medzinárodných vzťahov  |c Adolf Novotný 
264 1 |a Bratislava  |b Pravda  |c 1983 
300 |a 234 s. 
100 1 |a Novotný, Adolf